000 00967cam a2200265 a 4500
005 20031230185550.0
008 940308s1993 enkab b 001 0 eng
010 _aENG-101654
020 _c250.00
_a9788184000504
035 _aEN-85187
037 _bDBAD/PUB
040 _adpl
_bEng
082 _a954.035092
100 1 _922405
_aCrocker, Walter
245 1 0 _aNehru :
_cby Walter Crocker ; foreworded by Ramachandra Guha
_ba contemporary's estimate /
260 _aNoida
_bRandom House India
_c2008
270 _aMind Mill Corporate Tower, 2nd Floor, Plot No 24A Sector 16A,
_bNoida
_e201301
300 _a215p.
_c20cm (pbk)
500 _aIncludes index
650 0 _922448
651 _922481
700 _922431
_aGuha, Ramachandra
942 _2ddc
_cEN
_mCRO
_h954.035092
999 _c48261
_d48261